| 000 | 00616nam a22002057a 4500 | ||
|---|---|---|---|
| 003 | UMwl | ||
| 005 | 20140311162958.0 | ||
| 008 | 130218t xxu||||| |||| 00| 0 eng d | ||
| 020 | _a9780470711958 | ||
| 050 |
_aPN 4129.15 _b.C683 2012 |
||
| 082 |
_aPN4129.15 _b.C683 2012 |
||
| 100 | _aPhilip Collins | ||
| 245 |
_aThe Art of Speeches and Presentations _bThe Secrets of Making People Remember What You Say _cCollins, Philip |
||
| 260 |
_aHoboken _bJohn Wiley & Sons _c2012 |
||
| 300 |
_a169 p. : _c22 cm. _bill. ; |
||
| 562 | _e1 | ||
| 650 | _a1. Public speaking | ||
| 942 |
_2lcc _cBK _kFOR |
||
| 999 |
_c39108 _d39108 |
||